|
|
|
|
| LEADER |
00000nab a2200000 a 4500 |
| 001 |
vtls000089620 |
| 003 |
SK-MaSNL |
| 005 |
20260304231923.0 |
| 008 |
220422c1981 xo 0 slo |
| 015 |
|
|
|a SNBRB19rr/mm-uuuuu
|
| 035 |
|
|
|a CL0099723
|
| 040 |
|
|
|a SNKBUCL
|b slo
|c SNKBUCL
|e AACR2
|
| 041 |
0 |
|
|a slo
|
| 044 |
|
|
|a xo
|c SK
|
| 080 |
|
|
|a 613.6
|2 1981
|
| 080 |
|
|
|a 614.8
|2 1981
|
| 100 |
1 |
|
|a Hašková, Anna
|4 aut
|9 304093
|
| 245 |
1 |
0 |
|a Ochrana zdravia pracujúcich
|c Anna Hašková
|
| 650 |
0 |
7 |
|a zdravotná starostlivosť
|2 snkbucl
|9 1303
|
| 650 |
0 |
7 |
|a hygiena práce
|2 snkbucl
|9 1298
|
| 650 |
0 |
7 |
|a choroby z povolania
|2 snkbucl
|9 2542
|
| 655 |
|
7 |
|a články z novín a časopisov
|2 snkbucl
|9 267496
|
| 773 |
0 |
|
|t Národné poistenie
|g Roč. 13, č. 4 (1981), s. 10-12
|
| 850 |
|
|
|a Slovenská národná knižnica v Martine
|a MTA001
|
| 852 |
|
|
|a SNK
|b KIS3GCP
|
| 958 |
|
|
|a RK
|
| 958 |
|
|
|a ME
|
| 992 |
|
|
|a RBX
|
| 999 |
|
|
|c 3191221
|d 3193151
|